000
002800000a22001450004500
005
20120302063548.0
942
_c
BOOK
100
_a
_a
_b
_c
245
_a
Dnyaneshwar Tryamasik
260
_a
_b
_c
300
_a
96p.
040
_a
Mar
365
_b
20/-
650
_a
Stree sant
999
_c
359842
_d
359839